000 00870nas a2200289 4500
001 BR0200295
003 BR-BrBNA
005 20231205102706.0
007 ta
008 230509b bl.|||p| |||| 00| 00por d
040 _aBR-BrBNA
_bpor
_cBiblioteca Nacional de Agricultura
041 _a(Pt)
072 _aL73
100 1 _aLima, F.C.
100 1 _aAbreu, M.G.
100 1 _aMesquita, E.F.M.
245 1 _aMonitoramento histopatológico de mexilhão Perna perna da Lagoa de Itaipu, Niterói, RJ
650 _aMEXILHÃO
650 _aHISTOPATOLOGIA
650 _aLESÃO
650 _aINFLAMAÇÃO
650 _aCISTO
650 _aPARASITISMO
773 0 _tArquivo Brasileiro de Medicina Veterinária e Zootecnia (Brazil)
_xISSN 0102-0935
_g(Apr 2001), v. 53(2) p. 203-206
_wBR0200295
909 _a202311
_bLúcia
_c55
_dLúcia Elande
942 _2AGRIS
_n0
_cANA
999 _c168852
_d168852